000 01771nam a22002657a 4500
003 OSt
005 20210228160823.0
008 210228s2016 sp a|||br|||| 00| j spa d
020 _a9788416361915
040 _aCO-JMCR
_cCO-JMCR
041 0 _aspa
082 _aC /
_bGARl
100 1 _aGarcía Burló, Sara,
_eautor
_914056
245 1 0 _aLeo cambio de planes :
_bun cuento sobre el trastorno del espectro autista (TEA) /
_cSara García Burló ; ilustrado por Marta Cordón Castillo
260 _a[Madrid] :
_bEditorial GEU,
_c2016
300 _a31 páginas :
_bilustraciones a color;
_c21 cm.
490 0 _aColección conoce
490 0 _aColección lectores iniciados
520 3 _aLeo cambia de planes es el nuevo cuento de la colección conoce. Esta colección nos acercará a algunos síndromes, alteraciones, discapacidades y enfermedades raras. La necesidad de crearla ha sido la de explicar, de forma breve y precisa, las características de los niños que presentan necesidades educativas especiales derivadas de un determinado síndrome y/o discapacidad. Gracias a la inclusión, estos alumnos comparten aula con aquellos sin discapacidad. Este hecho despierta el interés y la curiosidad por entender qué le ocurre a ese compañero que no puede correr, que no entiende como los demás o que habla un poquito raro. Saben que hay algo especial, observan, apoyan y guían a este compañero. Un cuento que sirve de guía a maestros, familias, alumnos y para todo aquel que quiera conocer a nuestros niños especiales.
650 1 4 _aNiños con trastornos del espectro autista
_vcuentos
_914057
655 2 4 _aLibros ilustrados
_914058
655 2 4 _aLibros infantiles
_914059
700 1 _aCordón Castillo, Marta,
_eilustradora
_914060
942 _2ddc
_cBK
999 _c7361
_d7361